Культура и искусство. Поиски и открытия, Сборник статей по материалам межрегиональной научно-практической студенческой конференции (г. Кемерово, 27 апреля 2007 г.)

Manylion Llyfryddiaeth
Awduron Eraill: О. В. Грибовская (340), А. И. Кисельникова, Н. В. Медведева, Л. Д. Гулиашвили, Е. Л. Кличникова, М. Рознатовская, К. Макарова, Д. Шипицина, В. И. Марков, Н. И. Гендина, В. В. Туев, А. М. Кулемзин, И. Г. Умнова, О. В. Чернова, Л. В. Мирошниченко
Crynodeb:Книга находится в премиум-версии платформы «Русский как иностранный».
Сборник включает тексты докладов межрегиональной научно-практической студенческой конференции. Представленные материалы освещают проблемы современной культуры и искусства в социокультурном, культурологическом и искусствоведческом аспектах.
Гарантированный срок размещения на платформе до 01.07.2027 (автопролонгация)
Cyhoeddwyd: Кемерово, Кемеровский государственный институт культуры, 2008
Rhifyn:Культура и искусство. Поиски и открытия
Pynciau:
Mynediad Ar-lein:Перейти к просмотру издания
Fformat: Electronig

MARC

LEADER 00000 a2200000 4500
001 RU/ROS-EDU.RU/22006
856 4 |u https://www.ros-edu.ru/book?id=22006  |z Перейти к просмотру издания 
010 |a 978-5-8154-0140-2 
205 |a Культура и искусство. Поиски и открытия  |b 2027-07-01 
333 |a Гарантированный срок размещения на платформе до 01.07.2027 (автопролонгация) 
100 |a 20080101d2008 |||y0rusy0250   |s 2027-07-01 
105 |a y z 000zy 
101 0 |a rus 
102 |a RU 
200 1 |a Культура и искусство. Поиски и открытия  |b Электронный ресурс  |e Сборник статей по материалам межрегиональной научно-практической студенческой конференции (г. Кемерово, 27 апреля 2007 г.)  |f О. В. Грибовская [и др.]  |g ред.: В. И. Марков [и др.] 
701 1 |b О. В.  |a Грибовская  |4 070 
701 1 |b А. И.  |a Кисельникова  |4 070 
701 1 |b Н. В.  |a Медведева  |4 070 
701 1 |b Л. Д.  |a Гулиашвили  |4 070 
701 1 |b Е. Л.  |a Кличникова  |4 070 
701 1 |b М.  |a Рознатовская  |4 070 
701 1 |b К.  |a Макарова  |4 070 
701 1 |b Д.  |a Шипицина  |4 070 
702 1 |b В. И.  |a Марков  |4 340 
702 1 |b Н. И.  |a Гендина  |4 340 
702 1 |b В. В.  |a Туев  |4 340 
702 1 |b А. М.  |a Кулемзин  |4 340 
702 1 |b И. Г.  |a Умнова  |4 340 
702 1 |b О. В.  |a Чернова  |4 340 
702 1 |b Л. В.  |a Мирошниченко  |4 340 
330 |a Сборник включает тексты докладов межрегиональной научно-практической студенческой конференции. Представленные материалы освещают проблемы современной культуры и искусства в социокультурном, культурологическом и искусствоведческом аспектах. 
210 |a Кемерово  |c Кемеровский государственный институт культуры  |d 2008 
610 1 |a Культура 
610 1 |a искусство 
610 1 |a социокультурный аспект 
610 1 |a культурология 
610 1 |a искусствоведение 
610 1 |a музыкальное мышление 
610 1 |a творчество 
610 1 |a мотивация 
610 1 |a креативность 
675 |a 008 
686 |a 71  |2 rubbk 
300 |a Книга находится в премиум-версии платформы «Русский как иностранный». 
215 |a 258 с.